| 000 | 00883nam a22002057a 4500 | ||
|---|---|---|---|
| 003 | OSt | ||
| 005 | 20200611104756.0 | ||
| 008 | 200611b xxu||||| |||| 00| 0 ara d | ||
| 040 | _aLB-BrCRDP | ||
| 082 | _a309.156 S531m | ||
| 100 | _aهشام شرابي | ||
| 245 | _aمقدمات لدراسة المجتمع العربي | ||
| 260 |
_aبيروت _bالأهلية للنشر والتوزيع _c1977 |
||
| 300 |
_aص 153 _cسم 22 |
||
| 500 | _aبنية العائلة في المجتمع العربي الاتكالية - العجز - التهرب الوعي والتغيير الانسان العربي والتحدي الحضاري المثقف العربي والمستقبل التثقيف الاجتماعي والتلفزيون | ||
| 630 | _a Arab countries -- Social conditions. | ||
| 630 | _a Social conditions | ||
| 630 | _a Arab countries. | ||
| 942 |
_2ddc _cBK |
||
| 999 |
_c23845 _d23845 |
||